书目信息 |
| 题名: |
五子连珠棋初步
|
|
| 作者: | 孙宏伟 , 何丰泉 主编 | |
| 分册: | ||
| 出版信息: | 哈尔滨 黑龙江科学技术出版社 1999.08 |
|
| 页数: | 254页 | |
| 开本: | 32开 | |
| 丛书名: | ||
| 单 册: | ||
| 中图分类: | G891.9 | |
| 科图分类: | ||
| 主题词: | 文娱性体育活动 | |
| 电子资源: | ||
| ISBN: | 7-5388-3481-8 | |
| 000 | 00581nam0 2200193 45 | |
| 001 | 0007261715 | |
| 005 | 20080401155419.35 | |
| 010 | @a7-5388-3481-8@d13.00元 | |
| 100 | @a20000726d1999 km y0chiy0120 ea | |
| 101 | 0 | @achi |
| 200 | 1 | @a五子连珠棋初步@AWu Zi Lian Zhu Qi Chu Bu@f孙宏伟,何丰泉主编@FSun Hong Wei,He Feng Quan Zhu Bian |
| 210 | @a哈尔滨@c黑龙江科学技术出版社@d1999.08 | |
| 215 | @a254页@d32开 | |
| 606 | 0 | @a文娱性体育活动 |
| 690 | @aG891.9@v3 | |
| 701 | 0 | @a孙宏伟@4主编 |
| 701 | 0 | @a何丰泉@4主编 |
| 801 | @aCN@bPftUser@c20080401 | |
| 905 | @b80084-088@dG891.9@eS862@f5 | |
| 五子连珠棋初步/孙宏伟,何丰泉主编.-哈尔滨:黑龙江科学技术出版社,1999.08 |
| 254页;32开 |
| ISBN 7-5388-3481-8:13.00元 |
| ● |
| 相关链接 |
|
|
|
正题名:五子连珠棋初步
索取号:G891.9/S862
 
预约/预借
| 序号 | 登录号 | 条形码 | 馆藏地/架位号 | 状态 | 备注 |
| 1 | 451111 | 204511117 | 社科库409/409社科库 28排4列4层/ [索取号:G891.9/S862] | 在馆 | |
| 2 | 80084 | 200800847 | 社科二线422/409社科库 28排4列4层/ [索取号:G891.9/S862] | 在馆 | |
| 3 | 80085 | 200800856 | 社科二线422/422社科库 31排2列1层/ [索取号:G891.9/S862] | 在馆 | |
| 4 | 80086 | 200800865 | 社科库409/ [索取号:G891.9/S862] | 在馆 | |
| 5 | 80087 | 200800874 | 社科二线422/422社科库 31排3列1层/ [索取号:G891.9/S862] | 在馆 | |
| 6 | 80088 | 200800883 | 社科二线422/409社科库 28排4列4层/ [索取号:G891.9/S862] | 在馆 |